[Event "Charleroi op"]
[Site "Charleroi"]
[Date "2018.08.04"]
[Round "9"]
[White "Vesin, Jean Robert"]
[Black "Cruz Lledo, Pablo"]
[Result "0-1"]
[WhiteElo "2215"]
[BlackElo "2443"]
[PlyCount "116"]
[EventDate "2018.07.28"]
[EventType "swiss"]
[EventRounds "9"]
[EventCountry "BEL"]
[SourceTitle "CBM 185 Extra"]
[Source "ChessBase"]
[SourceDate "2018.07.29"]
[SourceVersion "1"]
[SourceVersionDate "2018.07.29"]
[SourceQuality "1"]

1. e4 c6 2. d4 d5 3. Nc3 dxe4 4. Nxe4 Nf6 5. Nxf6+ gxf6 6. Nf3 Bg4 7. Be2 e6 8. Bf4 Nd7 9. Qd2 Nb6 10. 0-0 Bd6 11. Rfe1 Nd5 12. Bg3 Ne7 13. c4 Qc7 14. Bxd6 Qxd6 15. Qa5 Rg8 16. Rad1 Kf8 17. Qd2 Rg7 18. Qh6 Ng6 19. Nh4 Bxe2 20. Nxg6+ Kg8 21. Ne7+ Qxe7 22. Rxe2 Rd8 23. Red2 Rg6 24. Qe3 b6 25. g3 Qd6 26. b3 f5 27. Qe5 f4 28. Qxd6 Rxd6 29. Kg2 Kg7 30. Kf3 fxg3 31. hxg3 f5 32. Ke3 Rg4 33. Kf3 h5 34. Rd3 Kf6 35. R3d2 h4 36. gxh4 Rxh4 37. Ke3 Re4+ 38. Kf3 a5 39. Rd3 Rd7 40. R1d2 Rh4 41. Ke2 Rh1 42. Ke3 Rg7 43. d5 exd5 44. cxd5 c5 45. f3 Ke5 46. Re2 Rh6 47. Kd2+ Kd6 48. a4 Re7 49. Rxe7 Kxe7 50. Ke3 Rh4 51. d6+ Kd7 52. Rd5 Rb4 53. Rd3 c4 54. bxc4 Rxa4 55. Rb3 Rb4 56. Rc3 Kxd6 57. Kf4 a4 58. Kxf5 Kc5 0-1

[Event "Charleroi op"]
[Site "Charleroi"]
[Date "2018.07.30"]
[Round "3"]
[White "Vesin, Jean Robert"]
[Black "Guion, Geoffrey"]
[Result "0-1"]
[WhiteElo "2215"]
[BlackElo "1988"]
[PlyCount "100"]
[EventDate "2018.07.28"]
[EventType "swiss"]
[EventRounds "9"]
[EventCountry "BEL"]
[SourceTitle "CBM 185 Extra"]
[Source "ChessBase"]
[SourceDate "2018.07.29"]
[SourceVersion "1"]
[SourceVersionDate "2018.07.29"]
[SourceQuality "1"]

1. e4 e6 2. d3 d5 3. Nd2 c5 4. Ngf3 Nc6 5. g3 Bd6 6. Bg2 Nge7 7. 0-0 0-0 8. Re1 Qc7 9. Qe2 f6 10. a3 Bd7 11. c3 d4 12. cxd4 cxd4 13. e5 Nxe5 14. Nxe5 Bxe5 15. Bh3 Nf5 16. Nc4 Bd6 17. Qe4 Rfe8 18. Bxf5 exf5 19. Qd5+ Kh8 20. Re5 Re7 21. Rxe7 Rd8 22. Re8+ Rxe8 23. Qxd6 Re1+ 24. Kg2 Bc6+ 25. f3 Qc8 26. Qxd4 Qe8 27. Ne3 h6 28. Kf2 Rh1 29. Nf1 Bxf3 30. Be3 Bc6 31. Rc1 Qh5 32. Rxc6 bxc6 33. Qf4 Qh3 34. Ke1 Qxh2 35. Qf3 Qh3 36. Bxa7 f4 37. Qxf4 Qg2 38. Qf2 Qd5 39. Kd2 Qa5+ 40. b4 Qxa3 41. Bc5 Qb2+ 42. Ke3 Qc1+ 43. Ke2 Qc2+ 44. Ke3 Qc1+ 45. Ke2 Qc2+ 46. Ke3 Qd1 47. Nh2 Re1+ 48. Kf4 Re2 49. Qf3 Qd2+ 50. Be3 Qxb4+ 0-1

[Event "Charleroi op"]
[Site "Charleroi"]
[Date "2017.07.30"]
[Round "2"]
[White "Sochacki, Christophe"]
[Black "Vesin, Jean Robert"]
[Result "1-0"]
[WhiteElo "2451"]
[BlackElo "2237"]
[PlyCount "105"]
[EventDate "2017.07.29"]
[EventType "swiss"]
[EventRounds "9"]
[EventCountry "BEL"]
[SourceTitle "CBM 179 Extra"]
[Source "ChessBase"]
[SourceDate "2017.08.23"]
[SourceVersion "1"]
[SourceVersionDate "2017.08.23"]
[SourceQuality "1"]

1. b3 Nf6 2. Bb2 g6 3. g3 Bg7 4. Bg2 c5 5. c4 Nc6 6. Nf3 0-0 7. 0-0 e6 8. d4 d6 9. Nc3 Rb8 10. dxc5 dxc5 11. Qxd8 Rxd8 12. Na4 b6 13. Ne5 Ne7 14. Rad1 Bd7 15. Nc3 Be8 16. a4 Nd7 17. Nc6 Nxc6 18. Bxc6 Nf6 19. Bg2 Ng4 20. Ba1 Ne5 21. Nb5 Nc6 22. Bxg7 Kxg7 23. Bxc6 Bxc6 24. Nxa7 Be4 25. Rxd8 Rxd8 26. Rc1 Rd2 27. Nc8 Rxe2 28. Nxb6 Bc6 29. f3 Bxf3 30. Nd7 Rg2+ 31. Kf1 Rxh2 32. Rc3 Bc6 33. Nxc5 Ra2 34. b4 Bxa4 35. b5 Bd1 36. b6 Rb2 37. b7 Ba4 38. Nxa4 Rxb7 39. c5 Kf6 40. Nb6 Ke5 41. Ke2 Rc7 42. Kd3 f5 43. Rc1 h5 44. Re1+ Kf6 45. Kd4 g5 46. Rh1 Kg6 47. Nc4 f4 48. gxf4 gxf4 49. Ne5+ Kg5 50. c6 h4 51. Kc5 Kf5 52. Kd6 Rc8 53. Rxh4 1-0

[Event "FRA-ch op Senior"]
[Site "Agen"]
[Date "2016.??.??"]
[Round "1"]
[White "Vesin, Jean Robert"]
[Black "Giffard, Nicolas"]
[Result "0-1"]
[WhiteElo "2209"]
[BlackElo "2310"]
[PlyCount "102"]
[EventDate "2016.08.12"]
[EventType "swiss"]
[EventRounds "9"]
[EventCountry "FRA"]
[SourceTitle "EXT 2017"]
[Source "ChessBase"]
[SourceDate "2016.10.25"]
[SourceVersion "1"]
[SourceVersionDate "2016.10.25"]
[SourceQuality "1"]

1. c4 e6 2. g3 d5 3. Bg2 Nf6 4. Nf3 Be7 5. 0-0 0-0 6. b3 b6 7. Bb2 Bb7 8. d3 Nbd7 9. Nbd2 c5 10. e3 Qb8 11. d4 Re8 12. Rc1 a6 13. cxd5 exd5 14. Re1 Bf8 15. Qc2 h6 16. a3 Qa7 17. Ra1 Rad8 18. Bc3 Qa8 19. dxc5 bxc5 20. Qb2 Bc6 21. Rab1 Bd6 22. b4 Be7 23. Ne5 Nxe5 24. Bxe5 c4 25. Bd4 Rb8 26. Qc3 Rb5 27. Rb2 a5 28. Reb1 axb4 29. axb4 Rc8 30. Qc2 Qb7 31. Bc3 Ne4 32. Nxe4 dxe4 33. Qe2 Bd7 34. Qc2 Bf5 35. Qe2 Qd7 36. Rd2 Qe6 37. Qd1 Bg4 38. Qa4 Rh5 39. Ra1 Bh3 40. Qa6 Rc6 41. Qa8+ Kh7 42. f4 exf3 43. Bxf3 Qxe3+ 44. Rf2 Qxc3 45. Bxc6 Re5 46. Bg2 Be6 47. Qa3 Qxa3 48. Rxa3 Bxb4 49. Raa2 Bc5 50. Rac2 Re1+ 51. Bf1 Bh3 0-1

[Event "FRA-chT1 1011"]
[Site "France"]
[Date "2010.11.13"]
[Round "2.6"]
[White "Robert, Bastien"]
[Black "Vesin, Jean Robert"]
[Result "0-1"]
[WhiteElo "2041"]
[BlackElo "2204"]
[PlyCount "62"]
[EventDate "2010.10.17"]
[EventType "team-tourn"]
[EventRounds "11"]
[EventCountry "FRA"]
[SourceTitle "EXT 2012"]
[Source "ChessBase"]
[SourceDate "2011.11.24"]
[SourceVersion "1"]
[SourceVersionDate "2011.11.24"]
[SourceQuality "1"]

1. d4 g6 2. c4 Bg7 3. Nc3 c5 4. e3 Nf6 5. Be2 0-0 6. Bf3 Nc6 7. Nge2 cxd4 8. exd4 d6 9. h3 e5 10. 0-0 Bf5 11. Bxc6 bxc6 12. f4 exd4 13. Nxd4 Bd7 14. Kh2 Re8 15. f5 Qb6 16. fxg6 fxg6 17. Nb3 Bf5 18. g4 Be6 19. Bg5 Nd7 20. Qd3 Ne5 21. Qxd6 Nf7 22. Qd2 Bxc4 23. Rf3 Nxg5 24. Qxg5 Be5+ 25. Kg2 Bxc3 26. bxc3 Bd5 27. Raf1 Qe3 28. Qxd5+ cxd5 29. Rxe3 Rxe3 30. Rf3 Rxf3 31. Kxf3 Rc8 0-1

[Event "FRA-chT1 0910"]
[Site "France"]
[Date "2009.10.04"]
[Round "1.4"]
[White "Monsieux, Sebastien"]
[Black "Vesin, Jean Robert"]
[Result "1/2-1/2"]
[WhiteElo "2115"]
[BlackElo "2247"]
[PlyCount "155"]
[EventDate "2009.09.27"]
[EventType "team-tourn"]
[EventRounds "11"]
[EventCountry "FRA"]
[SourceTitle "EXT 2011"]
[Source "ChessBase"]
[SourceDate "2010.11.26"]
[SourceVersion "1"]
[SourceVersionDate "2010.11.26"]
[SourceQuality "1"]

1. d4 g6 2. c4 Bg7 3. e4 c5 4. d5 d6 5. Ne2 e6 6. Nbc3 exd5 7. cxd5 Nf6 8. f3 0-0 9. Be3 a6 10. Qd2 b5 11. Ng3 Nbd7 12. Be2 Ne5 13. 0-0 Bd7 14. Nd1 b4 15. Rc1 Bb5 16. Nf2 Qd7 17. h3 Bxe2 18. Qxe2 Qb5 19. Qc2 Rfc8 20. f4 Ned7 21. b3 a5 22. Qd2 Nb6 23. Kh2 a4 24. f5 Nfd7 25. fxg6 fxg6 26. Ng4 Ne5 27. Nh6+ Kh8 28. Nf7+ Nxf7 29. Rxf7 Rf8 30. Rcf1 Rxf7 31. Rxf7 Qe8 32. Rb7 axb3 33. axb3 Nd7 34. Qe2 Be5 35. Bh6 Qc8 36. Qb5 Rb8 37. Rxb8 Nxb8 38. Qf1 Qe8 39. Bf4 Nd7 40. Bxe5+ Qxe5 41. Qf7 Nf6 42. Qf8+ Ng8 43. Qf3 Nf6 44. Kg1 Kg7 45. Kf1 h5 46. h4 Ng4 47. Ke1 Qa1+ 48. Kd2 Qb2+ 49. Kd1 Ne5 50. Qe3 Qxg2 51. Qg5 Qf3+ 52. Kc2 Qc3+ 53. Kb1 Qxb3+ 54. Kc1 Qc3+ 55. Kb1 Qe1+ 56. Kc2 b3+ 57. Kxb3 Qd1+ 58. Ka2 Kf7 59. Qf4+ Ke7 60. Qg5+ Kd7 61. Qf4 c4 62. Qe3 Qa4+ 63. Kb1 Nd3 64. Qb6 Qd1+ 65. Ka2 Nc1+ 66. Kb2 Nd3+ 67. Ka2 Qd2+ 68. Ka1 Qe1+ 69. Ka2 Nb4+ 70. Kb2 Qd2+ 71. Ka3 Qa2+ 72. Kxb4 Qb3+ 73. Ka5 Qa3+ 74. Kb5 Qb3+ 75. Ka6 Qxg3 76. Qb7+ Ke8 77. Qc8+ Kf7 78. Qe6+ 1/2-1/2

[Event "FRA-chT1A 0809"]
[Site "France"]
[Date "2009.03.14"]
[Round "8.6"]
[White "Delabaca, Romuald"]
[Black "Vesin, Jean Robert"]
[Result "1/2-1/2"]
[WhiteElo "2184"]
[BlackElo "2247"]
[PlyCount "51"]
[EventDate "2008.10.19"]
[EventType "team-tourn"]
[EventRounds "11"]
[EventCountry "FRA"]
[SourceTitle "EXT 2010"]
[Source "ChessBase"]
[SourceDate "2010.11.25"]
[SourceVersion "1"]
[SourceVersionDate "2010.11.25"]
[SourceQuality "1"]
[WhiteTeam "Cannes II"]
[BlackTeam "Besancon TPG"]
[WhiteTeamCountry "FRA"]
[BlackTeamCountry "FRA"]

1. e4 g6 2. d4 Bg7 3. Nf3 c5 4. Nc3 Nc6 5. Be3 Qa5 6. Qd2 cxd4 7. Nxd4 Nf6 8. Nb3 Qc7 9. f3 d6 10. 0-0-0 Be6 11. Kb1 a6 12. Nd4 Ne5 13. Bh6 Nc4 14. Bxc4 Bxh6 15. Nxe6 Qxc4 16. Qxh6 fxe6 17. Rhe1 e5 18. Nd5 Nxd5 19. Rxd5 Rc8 20. Rd2 Qf7 21. Rd3 Rc7 22. Red1 Qf8 23. Qe3 Kd7 24. Rd5 Qf6 25. Qa3 Rhc8 26. R5d2 1/2-1/2

[Event "Besancon op"]
[Site "Besancon"]
[Date "2008.12.30"]
[Round "7"]
[White "Schrader, Edmond"]
[Black "Vesin, Jean Robert"]
[Result "0-1"]
[WhiteElo "1781"]
[BlackElo "2247"]
[PlyCount "32"]
[EventDate "2008.12.26"]
[EventType "swiss"]
[EventRounds "7"]
[EventCountry "FRA"]
[SourceTitle "CBM 128 Extra"]
[Source "ChessBase"]
[SourceDate "2009.03.05"]
[SourceVersion "2"]
[SourceVersionDate "2009.03.25"]
[SourceQuality "1"]

1. e4 g6 2. d4 Bg7 3. Nc3 d6 4. Bg5 h6 5. Bf4 Nf6 6. Qd2 g5 7. Bg3 c6 8. 0-0-0 b5 9. Bd3 Nbd7 10. f4 Qa5 11. Kb1 Nb6 12. Nd5 Qxd2 13. Nxf6+ Bxf6 14. Rxd2 gxf4 15. Bxf4 Bxd4 16. Bxb5 cxb5 0-1

[Event "Cap d'Agde CCAS op"]
[Site "Cap d'Agde"]
[Date "2008.10.31"]
[Round "8"]
[White "Vesin, Jean Robert"]
[Black "Olivier, Jean Christophe"]
[Result "1/2-1/2"]
[WhiteElo "2247"]
[BlackElo "2363"]
[PlyCount "58"]
[EventDate "2008.10.25"]
[EventType "swiss"]
[EventRounds "9"]
[EventCountry "FRA"]
[SourceTitle "CBM 127 Extra"]
[Source "ChessBase"]
[SourceDate "2009.01.08"]
[SourceVersion "2"]
[SourceVersionDate "2009.01.28"]
[SourceQuality "1"]

1. Nf3 Nf6 2. c4 e6 3. g3 d5 4. Bg2 Nbd7 5. 0-0 dxc4 6. Qa4 a6 7. Qxc4 b5 8. Qc2 Bb7 9. d3 c5 10. a4 Be7 11. Nc3 Qb6 12. axb5 axb5 13. Rxa8+ Bxa8 14. h3 0-0 15. Be3 Qa6 16. Rc1 Nd5 17. Bg5 f6 18. Bd2 Bb7 19. Ne1 Ra8 20. Qb3 Nc7 21. Bf4 Bxg2 22. Nxg2 Bd6 23. Ne4 Bxf4 24. Nxf4 Qb6 25. h4 Kf7 26. Qc3 Na6 27. Ra1 Nc7 28. Rc1 Na6 29. Ra1 Nc7 1/2-1/2

[Event "SUI-chT"]
[Site "Switzerland"]
[Date "2008.03.30"]
[Round "2.7"]
[White "Vesin, Jean Robert"]
[Black "Wirthensohn, Heinz"]
[Result "0-1"]
[WhiteElo "2241"]
[BlackElo "2372"]
[PlyCount "87"]
[EventDate "2008.03.02"]
[EventType "team-tourn"]
[EventRounds "9"]
[EventCountry "SUI"]
[SourceTitle "CBM 123 Extra"]
[Source "ChessBase"]
[SourceDate "2008.05.06"]
[SourceVersion "1"]
[SourceVersionDate "2008.05.06"]
[SourceQuality "1"]
[WhiteTeam "Lausanne"]
[BlackTeam "Reichenstein"]
[WhiteTeamCountry "SUI"]
[BlackTeamCountry "SUI"]

1. e4 c5 2. Nf3 g6 3. d4 cxd4 4. Nxd4 Nc6 5. c4 Nf6 6. Nc3 d6 7. Be2 Nxd4 8. Qxd4 Bg7 9. Be3 0-0 10. Qd2 a5 11. 0-0 a4 12. f3 Qa5 13. Rab1 Be6 14. Rfc1 Rfc8 15. Nd5 Qxd2 16. Bxd2 Nxd5 17. cxd5 Bd4+ 18. Kf1 Bd7 19. Bd3 e6 20. Bb4 exd5 21. Bxd6 dxe4 22. Bxe4 Bb5+ 23. Ke1 Re8 24. Bc5 Bd3 25. Bxd4 Bxb1 26. Rxb1 f5 27. Ke2 fxe4 28. f4 Rac8 29. Ke3 Rc2 30. Rg1 a3 31. bxa3 Rxa2 32. Be5 Rxa3+ 33. Kxe4 Ra2 34. h4 Kf7 35. g4 Ra4+ 36. Kd5 Rd8+ 37. Kc5 Ra6 38. g5 Ke6 39. Re1 Rd5+ 40. Kb4 Rb6+ 41. Kc4 Rc6+ 42. Kb4 Kf5 43. Rf1 Rd3 44. Rb1 0-1

[Event "SUI-chT"]
[Site "Switzerland"]
[Date "2008.03.02"]
[Round "1.7"]
[White "Gruenenwald, Joerg"]
[Black "Vesin, Jean Robert"]
[Result "1/2-1/2"]
[WhiteElo "2332"]
[BlackElo "2241"]
[PlyCount "76"]
[EventDate "2008.03.02"]
[EventType "team-tourn"]
[EventRounds "9"]
[EventCountry "SUI"]
[SourceTitle "CBM 123 Extra"]
[Source "ChessBase"]
[SourceDate "2008.05.06"]
[SourceVersion "1"]
[SourceVersionDate "2008.05.06"]
[SourceQuality "1"]
[WhiteTeam "Zuerich"]
[BlackTeam "Lausanne"]
[WhiteTeamCountry "SUI"]
[BlackTeamCountry "SUI"]

1. d4 g6 2. e4 Bg7 3. c4 c5 4. d5 d6 5. Bd3 e6 6. Nf3 Nf6 7. 0-0 0-0 8. h3 Na6 9. Re1 e5 10. Nc3 Ne8 11. a3 f5 12. Rb1 f4 13. b4 b6 14. Nh2 Bd7 15. Nb5 Rf7 16. Be2 h5 17. Qa4 Nec7 18. Qb3 Bf8 19. Nxc7 Qxc7 20. b5 Nb8 21. a4 Be8 22. Bd2 Nd7 23. a5 Nf6 24. Qd3 g5 25. Ra1 Rb8 26. g4 fxg3 27. fxg3 Rg7 28. Rf1 Be7 29. Qe3 Bd7 30. g4 Qc8 31. axb6 axb6 32. Qf3 hxg4 33. Nxg4 Nxg4 34. hxg4 Ra8 35. Kg2 Rh7 36. Bc3 Rxa1 37. Bxa1 Qe8 38. Rh1 Rxh1 1/2-1/2

[Event "FRA-chT1B 0607"]
[Site "France"]
[Date "2007.01.20"]
[Round "5.6"]
[White "Vesin, Jean Robert"]
[Black "Boudre, Jean Pierre"]
[Result "0-1"]
[WhiteElo "2299"]
[BlackElo "2324"]
[PlyCount "70"]
[EventDate "2006.10.15"]
[EventType "team"]
[EventRounds "11"]
[EventCountry "FRA"]
[SourceTitle "EXT 2008"]
[Source "ChessBase"]
[SourceDate "2007.11.25"]
[SourceVersion "1"]
[SourceVersionDate "2007.11.25"]
[SourceQuality "1"]
[WhiteTeam "Besancon TPG"]
[BlackTeam "Marseille Duchamps"]
[WhiteTeamCountry "FRA"]
[BlackTeamCountry "FRA"]

1. e4 e5 2. Nf3 Nc6 3. Bc4 Nf6 4. d3 Be7 5. c3 0-0 6. 0-0 d6 7. Nbd2 Na5 8. Bb5 a6 9. Ba4 c5 10. Re1 b5 11. Bc2 Re8 12. Nf1 Nc6 13. Ne3 Bf8 14. d4 cxd4 15. cxd4 exd4 16. Nxd4 Nxd4 17. Qxd4 Bb7 18. Nf5 Rc8 19. Bd3 Bxe4 20. Bxe4 Rc4 21. Qd3 Rcxe4 22. Rxe4 Nxe4 23. Be3 Qd7 24. Nd4 g6 25. b4 d5 26. a4 bxa4 27. Qxa6 Bxb4 28. Qxa4 Qxa4 29. Rxa4 Bd2 30. Bxd2 Nxd2 31. f3 Nc4 32. Rb4 Re1+ 33. Kf2 Rd1 34. Nb5 Rd2+ 35. Kg3 Ne3 0-1

[Event "FRA-chT1B 0607"]
[Site "France"]
[Date "2006.12.06"]
[Round "4.5"]
[White "Ravot, Sylvain"]
[Black "Vesin, Jean Robert"]
[Result "0-1"]
[WhiteElo "2229"]
[BlackElo "2299"]
[PlyCount "74"]
[EventDate "2006.10.15"]
[EventType "team"]
[EventRounds "11"]
[EventCountry "FRA"]
[SourceTitle "EXT 2008"]
[Source "ChessBase"]
[SourceDate "2007.11.25"]
[SourceVersion "1"]
[SourceVersionDate "2007.11.25"]
[SourceQuality "1"]
[WhiteTeam "Lyon Olympique"]
[BlackTeam "Besancon TPG"]
[WhiteTeamCountry "FRA"]
[BlackTeamCountry "FRA"]

1. e4 c5 2. Nf3 g6 3. d4 Bg7 4. dxc5 Qa5+ 5. c3 Qxc5 6. Be3 Qc7 7. Nbd2 Nf6 8. Nd4 Nc6 9. Qb3 0-0 10. Be2 d5 11. Nxc6 bxc6 12. Qc2 Rd8 13. 0-0 e5 14. Rfd1 Be6 15. c4 d4 16. Bg5 c5 17. Bd3 Rdb8 18. Nf3 h6 19. Bd2 a5 20. Rf1 Bg4 21. Ne1 g5 22. f3 Bd7 23. Qc1 Rb6 24. Rb1 Nh5 25. g3 Qb7 26. Bc2 Bc6 27. Nd3 Qe7 28. b3 f5 29. exf5 e4 30. Qe1 e3 31. Bxa5 Rba6 32. b4 g4 33. Bd1 gxf3 34. Rxf3 cxb4 35. Qxb4 Qxb4 36. Bxb4 Be4 37. Be2 Rxa2 0-1

[Event "FRA-chT1B 0607"]
[Site "France"]
[Date "2006.11.25"]
[Round "2.3"]
[White "Vesin, Jean Robert"]
[Black "Garbarino, Xavier"]
[Result "1/2-1/2"]
[WhiteElo "2299"]
[BlackElo "2225"]
[PlyCount "36"]
[EventDate "2006.10.15"]
[EventType "team"]
[EventRounds "11"]
[EventCountry "FRA"]
[SourceTitle "EXT 2008"]
[Source "ChessBase"]
[SourceDate "2007.11.25"]
[SourceVersion "1"]
[SourceVersionDate "2007.11.25"]
[SourceQuality "1"]
[WhiteTeam "Besancon TPG"]
[BlackTeam "Lutece"]
[WhiteTeamCountry "FRA"]
[BlackTeamCountry "FRA"]

1. e4 Nc6 2. Nf3 d6 3. d4 Nf6 4. Nbd2 g6 5. h3 Bg7 6. Bd3 0-0 7. c3 e5 8. 0-0 d5 9. dxe5 Nxe4 10. Nxe4 dxe4 11. Bxe4 Qxd1 12. Rxd1 Nxe5 13. Bf4 Nxf3+ 14. Bxf3 c6 15. Rd6 Be6 16. Bg4 Bd5 17. Re1 f5 18. Bd1 Rae8 1/2-1/2

[Event "SUI-chT"]
[Site "Switzerland"]
[Date "2006.09.02"]
[Round "6.7"]
[White "Bohnenblust, Simon"]
[Black "Vesin, Jean Robert"]
[Result "0-1"]
[WhiteElo "2210"]
[BlackElo "2251"]
[PlyCount "139"]
[EventDate "2006.02.26"]
[EventType "team-tourn"]
[EventRounds "9"]
[EventCountry "SUI"]
[SourceTitle "EXT 2007"]
[Source "ChessBase"]
[SourceDate "2006.11.23"]
[SourceVersion "1"]
[SourceVersionDate "2006.11.23"]
[SourceQuality "1"]
[WhiteTeam "Biel"]
[BlackTeam "Lausanne"]
[WhiteTeamCountry "SUI"]
[BlackTeamCountry "SUI"]

1. e4 g6 2. d4 Bg7 3. Nc3 d6 4. Be3 a6 5. Qd2 b5 6. Bd3 Nd7 7. a4 b4 8. Nce2 Rb8 9. Nf3 Ngf6 10. Bh6 Bxh6 11. Qxh6 e5 12. dxe5 dxe5 13. h3 Qe7 14. 0-0 Qf8 15. Qe3 Qc5 16. Qxc5 Nxc5 17. Nxe5 Nfxe4 18. Nd4 0-0 19. Bxe4 Nxe4 20. Nec6 Rb7 21. Rfe1 Nc5 22. Re7 Ne6 23. Rd1 Nc5 24. b3 Bd7 25. Ne5 Be8 26. Re1 f5 27. h4 Bf7 28. f3 Kg7 29. Nd7 Nxd7 30. Rxd7 Kf6 31. Ree7 Bg8 32. Nc6 Rc8 33. Na5 Ra7 34. Re2 h6 35. Nc6 Rb7 36. Ne7 Be6 37. Nd5+ Bxd5 38. Rxd5 Rb6 39. Rc5 Rd6 40. h5 g5 41. f4 gxf4 42. Ree5 Kg5 43. Rxf5+ Kg4 44. Rf7 Rg8 45. Rc4 Rd1+ 46. Kh2 Rf1 47. Rcxc7 Rg5 48. Rg7 Kxh5 49. Rxg5+ hxg5 50. a5 Rf2 51. Kg1 Rd2 52. Rc5 Kh4 53. c3 bxc3 54. Rxc3 Rb2 55. g3+ fxg3 56. Rc6 g2 57. Kh2 g1Q+ 58. Kxg1 Rxb3 59. Rxa6 Kg3 60. Kf1 g4 61. Ke2 Kg2 62. Rg6 g3 63. Kd2 Ra3 64. a6 Kf2 65. Kc2 g2 66. Rf6+ Ke3 67. Re6+ Kf4 68. Rf6+ Ke5 69. Rg6 Rxa6 70. Kd3 0-1

[Event "SUI-chT"]
[Site "Switzerland"]
[Date "2006.04.30"]
[Round "3.5"]
[White "Sutter, Oliver"]
[Black "Vesin, Jean Robert"]
[Result "1-0"]
[WhiteElo "2422"]
[BlackElo "2251"]
[PlyCount "81"]
[EventDate "2006.02.26"]
[EventType "team-tourn"]
[EventRounds "9"]
[EventCountry "SUI"]
[SourceTitle "EXT 2007"]
[Source "ChessBase"]
[SourceDate "2006.11.23"]
[SourceVersion "1"]
[SourceVersionDate "2006.11.23"]
[SourceQuality "1"]
[WhiteTeam "Winterthur"]
[BlackTeam "Lausanne"]
[WhiteTeamCountry "SUI"]
[BlackTeamCountry "SUI"]

1. d4 Nf6 2. c4 g6 3. Nc3 Bg7 4. e4 c5 5. d5 d6 6. f4 0-0 7. Nf3 e6 8. Be2 exd5 9. cxd5 Bg4 10. 0-0 Nbd7 11. a4 Re8 12. h3 Bxf3 13. Bxf3 Qa5 14. g4 h6 15. h4 Nb6 16. g5 hxg5 17. hxg5 Nfd7 18. Nb5 Nc4 19. Qc2 a6 20. Na3 Nxa3 21. Rxa3 c4 22. e5 dxe5 23. f5 e4 24. Bxe4 Qb6+ 25. Kg2 Qd4 26. Rf4 Be5 27. Rg4 gxf5 28. Bxf5 Qxd5+ 29. Qe4 Qxe4+ 30. Rxe4 Nc5 31. Rxc4 Ne6 32. Re4 Rac8 33. Be3 Rc2+ 34. Kf3 Bxb2 35. Rb3 Rh2 36. g6 Ng7 37. Rxe8+ Nxe8 38. Bf4 Rh5 39. Bg4 Ra5 40. Rxb2 Rxa4 41. Rxb7 1-0

[Event "SUI-chT"]
[Site "Switzerland"]
[Date "2006.03.26"]
[Round "2.7"]
[White "Vesin, Jean Robert"]
[Black "Gruenenwald, Joerg"]
[Result "1-0"]
[WhiteElo "2251"]
[BlackElo "2366"]
[PlyCount "79"]
[EventDate "2006.02.26"]
[EventType "team-tourn"]
[EventRounds "9"]
[EventCountry "SUI"]
[SourceTitle "CBM 111 Extra"]
[Source "ChessBase"]
[SourceDate "2006.05.09"]
[SourceVersion "1"]
[SourceVersionDate "2006.05.09"]
[SourceQuality "1"]
[WhiteTeam "Lausanne"]
[BlackTeam "Zuerich"]
[WhiteTeamCountry "SUI"]
[BlackTeamCountry "SUI"]

1. e4 c5 2. Nf3 d6 3. c3 Nf6 4. h3 Nbd7 5. Bd3 g6 6. Bc2 Bg7 7. d4 0-0 8. 0-0 Qc7 9. Re1 e5 10. Nbd2 b6 11. Nf1 Bb7 12. d5 c4 13. Bg5 h6 14. Bh4 Nh5 15. Ne3 b5 16. Nh2 Nf4 17. Qf3 Nc5 18. Nhg4 a5 19. Nf6+ Kh8 20. g3 Nfd3 21. Bxd3 Nxd3 22. Re2 Ba6 23. Nf5 Bc8 24. Nxg7 Kxg7 25. Kh2 b4 26. Rg1 bxc3 27. bxc3 Rb8 28. g4 Nf4 29. Nh5+ Kh7 30. Nxf4 exf4 31. Bf6 g5 32. h4 Kg6 33. hxg5 hxg5 34. e5 dxe5 35. Bxe5 Qb7 36. Qh3 f6 37. Qh5+ Kg7 38. Qxg5+ Kh7 39. Qh4+ Kg7 40. Bd4 1-0

[Event "Neuchatel op"]
[Site "Neuchatel"]
[Date "2004.05.27"]
[Round "7"]
[White "Georg, Michel"]
[Black "Vesin, Jean Robert"]
[Result "1-0"]
[WhiteElo "2486"]
[BlackElo "2242"]
[PlyCount "85"]
[EventDate "2004.05.27"]
[EventType "swiss"]
[EventRounds "7"]
[EventCountry "SUI"]
[SourceTitle "CBM 100 Extra"]
[Source "ChessBase"]
[SourceDate "2004.07.06"]
[SourceVersion "2"]
[SourceVersionDate "2004.07.06"]
[SourceQuality "1"]

1. d4 g6 2. c4 Bg7 3. e4 c5 4. Nf3 cxd4 5. Nxd4 Nc6 6. Be3 Nf6 7. Nc3 0-0 8. Be2 d6 9. 0-0 Bd7 10. Qd2 Nxd4 11. Bxd4 Bc6 12. f3 a5 13. b3 Nd7 14. Be3 Nc5 15. Rab1 Qb6 16. Rfc1 Rfc8 17. Rc2 Qd8 18. a3 b6 19. Bf1 Qf8 20. b4 axb4 21. axb4 Nd7 22. Nd5 Rcb8 23. Bg5 f6 24. Be3 Ra7 25. Qf2 f5 26. exf5 Bxd5 27. cxd5 Qxf5 28. Rbc1 Nf6 29. g4 Qd7 30. Bxb6 Rab7 31. Rc7 Qa4 32. Rxb7 Rxb7 33. Ba5 Qa3 34. Rc8+ Kf7 35. Bc4 Bh6 36. Kg2 Be3 37. Qe2 Qc1 38. b5 h5 39. Be1 hxg4 40. fxg4 Bf4 41. Bf2 Be5 42. Be3 Qb1 43. Bh6 1-0